Tạp chí khoa học giáo dục kỹ thuật /

Shranjeno v:
Bibliografske podrobnosti
Korporativna značnica: Đại học sư phạm kỹ thuật Tp.HCM.
Format: Serijska publikacija
Jezik:Vietnamese
Izdano: Tp.HCM : Đại học sư phạm kỹ thuật Tp.HCM.
Teme:
Oznake: Označite
Brez oznak, prvi označite!
Thư viện lưu trữ: Mạng thư viện Đại học Đà Nẵng
LEADER 00865cas a2200301 a 4500
001 000043230
003 1105
005 20110823100202.0
008 110823b vm 000 vie
022 |a 1859-1272 
040 |a IRC  |c IRC  |d IRC 
041 0 |a vie 
082 0 4 |a 605  |b ĐAI 
110 2 |a Đại học sư phạm kỹ thuật Tp.HCM. 
245 1 0 |a Tạp chí khoa học giáo dục kỹ thuật /  |c Đại học sư phạm kỹ thuật Tp.HCM. 
260 |a Tp.HCM :  |b Đại học sư phạm kỹ thuật Tp.HCM. 
300 |c 27,5 cm. 
630 0 4 |a Khoa học kỹ thuật. 
650 0 4 |a Khoa học kỹ thuật  |x Giáo dục  |v Tạp chí. 
OWN |a DUT 
999 |a From the UDN01 
TYP |a Printed language 
980 |a Mạng thư viện Đại học Đà Nẵng